Science matters : (Record no. 42365)
[ view plain ]
| 000 -LEADER | |
|---|---|
| fixed length control field | 00556nam a22001937a 4500 |
| 003 - CONTROL NUMBER IDENTIFIER | |
| control field | SISC |
| 005 - DATE AND TIME OF LATEST TRANSACTION | |
| control field | 20160229135813.0 |
| 008 - FIXED-LENGTH DATA ELEMENTS--GENERAL INFORMATION | |
| fixed length control field | 140108b xxu||||| |||| 00| 0 eng d |
| 020 ## - INTERNATIONAL STANDARD BOOK NUMBER | |
| International Standard Book Number | 9789810187347 |
| 050 ## - LIBRARY OF CONGRESS CALL NUMBER | |
| Classification number | Q 88 |
| Item number | .F674a 2009 |
| 100 ## - MAIN ENTRY--PERSONAL NAME | |
| Personal name | Fong, Joan |
| 9 (RLIN) | 30639 |
| 245 ## - TITLE STATEMENT | |
| Title | Science matters : |
| Remainder of title | volume A: express/normal A / |
| Statement of responsibility, etc | Joan Fong. |
| 260 ## - PUBLICATION, DISTRIBUTION, ETC. (IMPRINT) | |
| Place of publication, distribution, etc | Singapore : |
| Name of publisher, distributor, etc | Marshall Cavendish Education, |
| Date of publication, distribution, etc | 2008. |
| 300 ## - PHYSICAL DESCRIPTION | |
| Extent | 248 p. : |
| Dimensions | 27 cm. |
| 650 ## - SUBJECT ADDED ENTRY--TOPICAL TERM | |
| Topical term or geographic name as entry element | Science |
| General subdivision | technology |
| 9 (RLIN) | 30640 |
| 700 ## - ADDED ENTRY--PERSONAL NAME | |
| Personal name | Kwan, Lam Peng |
| 9 (RLIN) | 30641 |
| 942 ## - ADDED ENTRY ELEMENTS (KOHA) | |
| Source of classification or shelving scheme | Library of Congress Classification |
| Koha item type | Books |
| Withdrawn status | Lost status | Source of classification or shelving scheme | Damaged status | Home library | Current library | Shelving location | Date acquired | Total Checkouts | Full call number | Barcode | Date last seen | Copy number | Price effective from | Koha item type |
|---|---|---|---|---|---|---|---|---|---|---|---|---|---|---|
| Library of Congress Classification | Luxembourg Library | Luxembourg Library | High School Section | 02/24/2014 | Q 88 .F674a 2009 | 18140 | 03/17/2015 | 1 | 02/24/2014 | Books |